| 000 | 00981cad a22002295a 4500 | ||
|---|---|---|---|
| 001 | L157090 | ||
| 008 | 120829s2010 xxk f 000 0 eng d | ||
| 020 | _a9781842196090 | ||
| 035 | _a(Sirsi) u157090 | ||
| 041 | 0 | _aeng | |
| 100 | 1 | _aEichholtz, Piet | |
| 245 | 0 | 0 |
_aSustainability and the dynamics of green building _bnew evidence on the financial performance of green office buildings in the USA _h[electronic resource] |
| 260 |
_aLondon _bRICS _c2010 |
||
| 490 | 0 | _aRICS Research | |
| 520 | _aExamines the impact of the economic downturn and recent surge in investment in energy-efficient and sustainable office buildings. Importantly, it also disentangles the "green" premium. | ||
| 651 | 4 |
_aUnited Kingdom _y |
|
| 690 |
_aCommercial property _96227 |
||
| 700 | 1 | _aKok, Nils | |
| 700 | 1 | _aQuigley, John | |
| 856 | 4 | 0 |
_uwww.rics.org/Global/Downloads/Sustainability_and_the_Dynamics_of_Green_Building.pdf _zView the main report free of charge at www.rics.org |
| 942 | _n0 | ||
| 999 |
_c114588 _d114588 |
||